Deviner les pays à partir d'images faites par une IA #2 - Statistiques

Statistiques générales
  • Ce quiz a été pris 281 fois
  • Le résultat moyen est 7 sur 12
Statistiques - réponses
Par images Réponse % Correct
Mexique
99%
Inde
97%
États-Unis
96%
Russie
93%
Corée du Nord
84%
Qatar
60%
Allemagne
47%
Argentine
46%
Pologne
20%
Vatican
17%
Équateur
16%
Philippines
7%
Aucun quiz correspondant
Distribution des résultats
% des personnes avec chaque résultat
Percentile par nombre de réponses
Votre historique - résultats
Vous n’avez pas pris ce quiz